[Event "AUTO-OPEN-1661"]
[Site "http://www.queenalice.com/game.php?id=638214"]
[Date "2009.8.17"]
[Round "1"]
[White "QUEENOFDEATH"]
[Black "kako"]
[Result "1-0"]
[WhiteElo "2018"]
[BlackElo "1698"]

1. d4 d5 2. c4 c6 3. a4 dxc4 4. e4 e6 5. Bxc4 c5 6. Ne2 cxd4 7. Qxd4 Qxd4 8.
Nxd4 g6 9. O-O e5 10. Nf3 Bg7 11. Be3 h6 12. Nc3 Ne7 13. Bc5 Nbc6 14. Bb5 O-O
15. Bxc6 bxc6 16. Bxe7 Re8 17. Bc5 a6 18. a5 Re6 19. Rad1 Bf6 20. Rd6 Rxd6 21.
Bxd6 Bg4 22. Nxe5 Bxe5 23. Bxe5 Rd8 24. f3 Be6 25. Rd1 Ra8 26. b4 g5 27. Rd6 Rc8
28. Na4 Kh7 29. Nc5 Re8 30. Bf6 Bc4 31. Rxc6 Bb5 32. Rc7 Kg6 33. e5 Bc4 34. Kf2
Rb8 35. Rb7 Rc8 36. g4 Ba2 37. Rb6 h5 38. Rxa6 hxg4 39. fxg4 Bc4 40. Rb6 Kh7 41.
Bxg5 Rg8 42. Rh6+ Kg7 43. Rb6 Kh7 44. h4 Re8 45. Bf6 Rg8 46. Kf3 Re8 47. Kf4 Rg8
48. g5 Re8 49. h5 Be2 50. g6+ fxg6 51. Rb7+ Kg8 52. Rg7+ Kf8 53. Nd7# 1-0

[Event "AUTO-OPEN-1661"]
[Site "http://www.queenalice.com/game.php?id=638215"]
[Date "2009.8.17"]
[Round "1"]
[White "kako"]
[Black "QUEENOFDEATH"]
[Result "0-1"]
[WhiteElo "1756"]
[BlackElo "2051"]

1. d4 Nf6 2. Bf4 Nc6 3. Nc3 e6 4. Nb5 d6 5. g3 a6 6. Nc3 d5 7. Bg2 Bb4 8. Bd2
O-O 9. Bg5 Bxc3+ 10. bxc3 h6 11. Be3 b5 12. Nf3 Bb7 13. O-O Ne7 14. Nh4 Ng4 15.
Bc1 Rc8 16. e4 Nf6 17. e5 Nh7 18. Ba3 Re8 19. Rb1 Kh8 20. Qe2 g5 21. Nf3 Ng6 22.
Bb4 Kg7 23. Rfe1 Qd7 24. Ba3 f6 25. exf6+ Nxf6 26. Ne5 Nxe5 27. Qxe5 Qf7 28. Bc1
Kg6 29. Qe2 Nd7 30. a4 c6 31. Qd3+ Qf5 32. Qxf5+ exf5 33. Rxe8 Rxe8 34. Be3 Nf6
35. axb5 axb5 36. Ra1 Ra8 37. Rb1 Ra2 38. Rc1 Ne8 39. Bf1 Ra3 40. Bd2 Nf6 41.
Bd3 Bc8 42. Re1 Kf7 43. h3 Be6 44. f3 Nd7 45. h4 Kf6 46. hxg5+ hxg5 47. Kf2 Ra8
48. Rh1 Kg6 49. g4 Nf6 50. gxf5+ Bxf5 51. Bxf5+ Kxf5 52. Rg1 Rg8 53. Be1 g4 54.
Ke3 gxf3 55. Rxg8 Nxg8 56. Kxf3 Nf6 57. Ke2 Ke4 58. Kd2 Kf3 59. Kc1 Ke2 60. Bh4
Ne4 61. Kb2 Kd2 62. c4 bxc4 63. Bd8 c3+ 64. Kb3 c5 65. dxc5 Nxc5+ 66. Kb4 Ne4
67. Kb3 d4 68. Ba5 Ng3 69. Bb4 Nf1 70. Bc5 Ke3 71. Kc4 Nd2+ 72. Kb4 Nf3 73. Kc4
Kd2 74. Kb3 Kd1 75. Bb6 Kc1 76. Bc5 Kd2 77. Bb6 Ke3 78. Kb4 Ne1 79. Kb3 Ke4 80.
Ba7 Kd5 81. Bb6 Nf3 82. Kb4 Ne5 83. Kb3 Nd7 84. Ba7 Nc5+ 85. Kb4 Na6+ 86. Kb3
Nc7 87. Kb4 Ne6 88. Bb6 Nf8 89. Kb5 Nd7 90. Ba7 Ne5 91. Kb4 Nc6+ 92. Kb3 Nxa7
93. Kb4 Ke4 0-1

[Event "Challenge"]
[Site "http://www.queenalice.com/game.php?id=639505"]
[Date "2009.8.20"]
[Round "-"]
[White "QUEENOFDEATH"]
[Black "Vladimir"]
[Result "1-0"]
[WhiteElo "1850"]
[BlackElo "1126"]

1. d4 d5 2. c4 e6 3. Nf3 Nf6 4. e3 c5 5. Nc3 cxd4 6. exd4 dxc4 7. Bxc4 Nc6 8.
O-O Bb4 9. Qb3 Bxc3 10. bxc3 O-O 11. Bg5 h6 12. Bh4 a6 13. Rfd1 b5 14. Be2 Bb7
15. Ne5 Na5 16. Qb4 Nc6 17. Qb2 Rc8 18. Bf3 Na5 19. Bxb7 Nxb7 20. Bxf6 gxf6 21.
Ng4 f5 22. Ne5 Qd5 23. Qd2 Kh7 24. Qd3 Rg8 25. f3 Nd6 26. Nd7 Ne4 27. Nb6 Rxc3
28. Nxd5 Rxd3 29. Rxd3 exd5 30. fxe4 fxe4 31. Rc3 f5 32. Rc5 Rd8 33. Rf1 1-0

[Event "Challenge"]
[Site "http://www.queenalice.com/game.php?id=641489"]
[Date "2009.8.24"]
[Round "-"]
[White "gmsanti"]
[Black "QUEENOFDEATH"]
[Result "0-1"]
[WhiteElo "2166"]
[BlackElo "1933"]

1. Nf3 d5 2. c4 c6 3. g3 Nf6 4. Bg2 e6 5. O-O Be7 6. b3 O-O 7. Bb2 b6 8. d3 Bb7
9. Nbd2 Nbd7 10. Qc2 Rc8 11. e4 h6 12. Rfe1 Qc7 13. Rac1 Qb8 14. Qb1 Bb4 15. a3
Bxd2 16. Nxd2 e5 17. Rcd1 d4 18. b4 c5 19. Nf3 Nh7 20. Nh4 g6 21. Bc1 Kg7 22.
Bh3 Qd6 23. f4 Rc7 24. Qc2 f6 25. Qe2 Bc8 26. Qd2 exf4 27. gxf4 Rg8 28. Kh1 Ndf8
29. Rg1 Bxh3 30. Rg3 Bc8 31. Rdg1 Kh8 32. Nxg6+ Nxg6 33. Rxg6 Rcg7 34. f5 Bxf5
35. Rxg7 Bxe4+ 36. dxe4 Rxg7 37. Rxg7 Kxg7 38. Qxh6+ Kg8 39. Qg6+ Kh8 40. Bh6
Qe7 41. b5 Nf8 42. Qf5 Kg8 43. Bf4 Kf7 44. e5 Ng6 45. exf6 Qe1+ 0-1

[Event "Challenge"]
[Site "http://www.queenalice.com/game.php?id=641491"]
[Date "2009.8.24"]
[Round "-"]
[White "QUEENOFDEATH"]
[Black "gmsanti"]
[Result "0-1"]
[WhiteElo "1964"]
[BlackElo "2176"]

1. d4 d5 2. c4 dxc4 3. Nc3 a6 4. a4 Nc6 5. e3 Na5 6. Nf3 Nf6 7. Nd2 Be6 8. e4
Qxd4 9. Qc2 O-O-O 10. Be2 Nb3 11. Rb1 Nc5 12. O-O Bg4 13. Bxc4 e6 14. b4 Nd3 15.
Bxd3 Qxd3 16. Qxd3 Rxd3 17. f3 Rxc3 18. fxg4 Nxg4 19. Rxf7 Ne5 20. Rf1 Nd3 21.
Nf3 Bxb4 22. Bd2 Bc5+ 23. Kh1 Rc2 24. Be1 Rf8 25. Rb3 Nb2 26. a5 Nc4 27. h3 Ne3
28. Rf2 Rc1 29. Re2 Nf1 30. Ne5 Ng3+ 31. Rxg3 Rf1+ 0-1

[Event "Challenge"]
[Site "http://www.queenalice.com/game.php?id=645379"]
[Date "2009.9.1"]
[Round "-"]
[White "JCOELHO"]
[Black "QUEENOFDEATH"]
[Result "1/2-1/2"]
[WhiteElo "1936"]
[BlackElo "2023"]

1. e4 c5 2. Nc3 Nc6 3. Nf3 d6 4. Bb5 Bd7 5. O-O e6 6. d4 cxd4 7. Nxd4 Nxd4 8.
Qxd4 a6 9. Ba4 b5 10. Bb3 e5 11. Qd5 Be6 12. Qc6+ Bd7 13. Qd5 Be6 14. Qc6+ Bd7
15. Qd5 1/2-1/2

[Event "Challenge"]
[Site "http://www.queenalice.com/game.php?id=645380"]
[Date "2009.9.1"]
[Round "-"]
[White "QUEENOFDEATH"]
[Black "JCOELHO"]
[Result "1-0"]
[WhiteElo "2024"]
[BlackElo "1972"]

1. d4 d5 2. c4 Nf6 3. cxd5 Qxd5 4. Nc3 Qa5 5. Bd2 e5 6. e3 exd4 7. exd4 Nc6 8.
Bb5 Bd7 9. Bxc6 Bxc6 10. Nf3 Bb4 11. O-O O-O 12. a3 Bd6 13. Ne4 Qf5 14. Nxf6+
Qxf6 15. Ne5 Bxe5 16. dxe5 Qxe5 17. Bc3 Qe4 18. f3 Qe3+ 19. Kh1 b5 20. Qc2 a5
21. Bxg7 Kxg7 22. Qxc6 Qb3 23. Qxc7 Qxb2 24. Rfb1 Qd4 25. Qc6 Rfb8 26. h3 h5 27.
Rd1 Qb2 28. Qc5 Rc8 29. Qd4+ Qxd4 30. Rxd4 Rd8 31. Rad1 Rxd4 32. Rxd4 Kg6 33.
Kg1 f5 34. Rd6+ Kg5 35. Rb6 b4 36. axb4 a4 37. g3 a3 38. h4# 1-0

[Event "Challenge"]
[Site "http://www.queenalice.com/game.php?id=659804"]
[Date "2009.9.28"]
[Round "-"]
[White "Bergman"]
[Black "QUEENOFDEATH"]
[Result "1-0"]
[WhiteElo "2836"]
[BlackElo "2018"]

1. e4 c5 2. Nf3 d6 3. d4 cxd4 4. Nxd4 Nc6 5. Bc4 g6 6. O-O Bg7 7. Be3 Nf6 8. f3
O-O 9. Nc3 a6 10. Nxc6 bxc6 11. Qd2 Qc7 12. Rad1 Bb7 13. Qf2 d5 14. Bb6 Qb8 15.
exd5 cxd5 16. Bxd5 Bxd5 17. Nxd5 Nxd5 18. Rxd5 e6 19. Rd7 Bxb2 20. c4 Bg7 21. c5
Qf4 22. c6 Rab8 23. Bc7 Qa4 24. Bxb8 1-0

[Event "Challenge"]
[Site "http://www.queenalice.com/game.php?id=659805"]
[Date "2009.9.28"]
[Round "-"]
[White "QUEENOFDEATH"]
[Black "Bergman"]
[Result "0-1"]
[WhiteElo "2018"]
[BlackElo "2837"]

1. d4 Nf6 2. c4 e6 3. Nf3 d5 4. e3 c5 5. Nc3 Nc6 6. cxd5 exd5 7. Bb5 Be7 8. O-O
O-O 9. Bxc6 bxc6 10. Ne5 Qc7 11. b3 Rb8 12. Bd2 Bd6 13. f4 Re8 14. Rc1 cxd4 15.
exd4 Ba3 16. Ra1 c5 17. Bc1 Bb4 18. Ne2 Ne4 19. Bb2 f6 20. Nd3 Bg4 21. Nxb4 cxb4
22. Re1 Rbc8 23. Qd3 Qc2 0-1

[Event "AUTO-MASTER-930"]
[Site "http://www.queenalice.com/game.php?id=667418"]
[Date "2009.10.15"]
[Round "1"]
[White "QUEENOFDEATH"]
[Black "Alexandrovinsk"]
[Result "0-1"]
[WhiteElo "1982"]
[BlackElo "2118"]

1. d4 Nf6 2. c4 e6 3. Nf3 b6 4. Nc3 d5 5. Bg5 Be7 6. e3 Bb7 7. Bd3 dxc4 8. Bxc4
Nbd7 9. O-O O-O 10. a3 c5 11. Bxf6 Bxf6 12. e4 cxd4 13. Nxd4 Nc5 14. Ndb5 Nxe4
15. Qxd8 Rfxd8 16. Rfd1 Nxc3 17. Rxd8+ Rxd8 18. Nxc3 Bxc3 19. bxc3 Kf8 20. Kf1
Ke7 0-1

[Event "AUTO-MASTER-930"]
[Site "http://www.queenalice.com/game.php?id=667419"]
[Date "2009.10.15"]
[Round "1"]
[White "Alexandrovinsk"]
[Black "QUEENOFDEATH"]
[Result "1-0"]
[WhiteElo "2109"]
[BlackElo "1998"]

1. e4 c5 2. f4 Nc6 3. Bb5 a6 4. Bxc6 dxc6 5. Nf3 Bg4 6. O-O e6 7. d3 Nf6 8. Nc3
Be7 9. Rb1 O-O 10. Qe1 Bxf3 11. Rxf3 c4 12. Bd2 cxd3 13. cxd3 Ng4 14. f5 Bd6 15.
h3 Qb6+ 16. Kh1 Nh2 17. Rg3 h5 18. f6 g6 19. e5 h4 20. Rg5 Bc5 21. Na4 Qa7 22.
Nxc5 Qxc5 23. Kxh2 Qd4 24. Rg4 1-0

[Event "AUTO-MASTER-930"]
[Site "http://www.queenalice.com/game.php?id=667420"]
[Date "2009.10.15"]
[Round "1"]
[White "QUEENOFDEATH"]
[Black "erivaldoadao"]
[Result "0-1"]
[WhiteElo "2033"]
[BlackElo "2092"]

1. d4 d5 2. c4 dxc4 3. Nc3 e5 4. d5 Qd6 5. e4 Nf6 6. Bxc4 c6 7. a4 Qb4 8. Bd3
cxd5 9. exd5 Nbd7 10. Bd2 Qd6 11. Bc4 Nb6 12. Qb3 Bd7 13. Nge2 Rc8 14. Bb5 Nbxd5
15. Bxd7+ Qxd7 16. O-O Bc5 17. Bg5 h6 18. Bh4 O-O 19. Rad1 Qg4 20. Bxf6 Nxf6 21.
Ng3 Rc7 22. Nd5 Nxd5 0-1

[Event "AUTO-MASTER-930"]
[Site "http://www.queenalice.com/game.php?id=667421"]
[Date "2009.10.15"]
[Round "1"]
[White "erivaldoadao"]
[Black "QUEENOFDEATH"]
[Result "1-0"]
[WhiteElo "2077"]
[BlackElo "2059"]

1. e4 c5 2. Nf3 Nc6 3. Bb5 d6 4. d4 cxd4 5. Nxd4 Bd7 6. Nc3 a6 7. Be2 g6 8. Nd5
Bg7 9. Be3 Nf6 10. Nxc6 Bxc6 11. Bb6 Qc8 12. Nc7+ Kf8 13. Nxa8 Qxa8 14. f3 Nd7
15. Bd4 b5 16. O-O e5 17. Bf2 Ke7 18. Qd3 Nf6 19. Rfd1 Rd8 20. Qa3 Rd7 21. c4
bxc4 22. Bxc4 Bh6 23. Qxa6 Qxa6 24. Bxa6 1-0

[Event "AUTO-MASTER-930"]
[Site "http://www.queenalice.com/game.php?id=667422"]
[Date "2009.10.15"]
[Round "1"]
[White "QUEENOFDEATH"]
[Black "yvanalfieri"]
[Result "0-1"]
[WhiteElo "1968"]
[BlackElo "1977"]

1. d4 Nf6 2. c4 g6 3. Nc3 Bg7 4. Nf3 d6 5. e4 O-O 6. Be2 e5 7. d5 a5 8. O-O Na6
9. Bg5 h6 10. Bxf6 Qxf6 11. h3 Nc5 12. Qc2 Qe7 13. Nh2 f5 14. exf5 Bxf5 15. Qd2
a4 16. Bd1 c6 17. Bc2 Bxc2 18. Qxc2 Qg5 19. Rae1 Rf4 20. Ne4 Nxe4 0-1

[Event "AUTO-MASTER-930"]
[Site "http://www.queenalice.com/game.php?id=667423"]
[Date "2009.10.15"]
[Round "1"]
[White "yvanalfieri"]
[Black "QUEENOFDEATH"]
[Result "1-0"]
[WhiteElo "1993"]
[BlackElo "1949"]

1. e4 c5 2. Nf3 Nc6 3. d4 cxd4 4. Nxd4 d6 5. Nc3 g6 6. Be3 Bg7 7. Qd2 Bd7 8.
O-O-O Qa5 9. Nb3 Bxc3 10. Nxa5 Bxd2+ 11. Bxd2 Nxa5 12. Bxa5 b6 13. Bc3 Nf6 14.
Bxf6 exf6 15. Rxd6 Ke7 16. Rd2 Be6 17. b3 Rhd8 18. Rxd8 Rxd8 19. Be2 Bc8 20. Rd1
Rxd1+ 21. Kxd1 Kd6 22. Kd2 g5 23. Ke3 1-0